| 000 | 00831nam a2200253 i 4500 | ||
|---|---|---|---|
| 001 | 177680 | ||
| 003 | ES-MaACL | ||
| 005 | 20250902070716.0 | ||
| 008 | 110412s1985 sp ||||1| spa d | ||
| 020 | _a84-505-1824-5 | ||
| 080 | _a658.5/.56 | ||
| 100 | 1 |
_aBlanco Illescas, Francisco. _929267 |
|
| 245 | 1 | 3 |
_aEl control como guía de la gestión empresarial / _cFrancisco Blanco Illescas. |
| 260 |
_aMadrid : _bInstituto de la Pequeña y Mediana Empresa Industrial, _cD. L. 1985. |
||
| 300 |
_a79 p. ; _c21 cm. |
||
| 490 | 1 |
_aManuales IMPI ; _v10 |
|
| 500 | _aÍndice. | ||
| 504 | _aBibliografía: p. 78. | ||
| 650 | 7 |
_aGestión de empresas _2embne _912210 |
|
| 650 | 4 |
_aControl de gestión. _9146119 |
|
| 830 | 1 |
_aManuales IMPI ; _v10 _9190542 |
|
| 852 | 4 |
_aES-MaACL _jE-14877 _xOlim P-518 |
|
| 999 |
_c177680 _d177680 |
||